| 000 | 00674cab a22002055a 4500 | ||
|---|---|---|---|
| 001 | L154004 | ||
| 008 | 111003e20110930xxk 000 0 eng d | ||
| 035 | _a(Sirsi) u154004 | ||
| 041 | 0 | _aeng | |
| 100 | 1 | _aMorrison, Doug | |
| 245 | 0 | 0 | _aHot prospects |
| 260 | _c2011 | ||
| 490 | 0 |
_aProperty Week International _v77(39) 30 September 2011,84-85(2) |
|
| 520 | _aHighlights the world's top 10 property hotspots: Tianjin, Ahmedabad, Bogota, Jakarta, Austin, Cebu City, Rio de Janeiro, Istanbul, Sochi, and Beirut. | ||
| 590 | _aKA | ||
| 651 | 4 | _aInternational | |
| 690 | _aPROPERTY-PROPERTY FINANCE AND INVESTMENT | ||
| 690 | _aPROPERTY-PROPERTY MARKET | ||
| 942 | _n0 | ||
| 999 |
_c83444 _d83444 |
||